000 00705pam a2200241 a 4500
001 2894054
005 20180302041758.0
008 870219s1988 nyua b 001 0 eng
010 _a 87005617
020 _a0195051157 (alk. paper)
020 _a0195051165 (pbk. : alk. paper)
040 _aDLC
_cDLC
_dDLC
041 _aeng
043 _ae-uk---
_aw------
080 _a338.926 HEA
082 0 0 _a338.926 HEA
_219
100 1 _a16
101 _aHIS
245 1 4 _aThe tentacles of progress :
_cDaniel R. Headrick.
504 _aBibliography: p. [385]-389.
906 _a7
_bcbc
_corignew
_d1
_eocip
_f19
_gy-gencatlg
942 _2ddc
_cBK
999 _c43964
_d43964